000 00466nam a2200145Ia 4500
008 100204s9999 xx 000 0 und d
082 _b278
100 _aशेळके उध्दव ज.
245 _aलेडीज हॉस्टेल
260 _b"अनुपम प्रकाशन, पुणे"
_c1975
300 _a245
630 _aलेडीज हॉस्टेल
730 _aलेडीज हॉस्टेल
942 _cBOOK
999 _c445473
_d445470